| 000 | 00491nam a2200205Ia 4500 | ||
|---|---|---|---|
| 008 | 181129s9999 xx 000 0 und d | ||
| 020 | _a9781472360779 | ||
| 050 | _bM194 2014 | ||
| 245 | 0 | _aMagical story : | |
| 245 | 0 | _bpalace pets / | |
| 260 | _aBath, UK : | ||
| 260 | _bParragon, | ||
| 260 | _c2014 | ||
| 300 | _aunpaged : | ||
| 300 | _bcolor illustrations ; | ||
| 300 | _c22cm. | ||
| 440 | _aDisney princess. | ||
| 650 | _aChildren's stories, American. | ||
| 700 | _aSeries. | ||
| 999 |
_c359511 _d359511 |
||